000 00465nam a22001457a 4500
999 _c15333
_d15333
082 _a631.56
_bLEV/DE
100 _aLEVAN, K. V
_92864
245 _aDesign and fabrication of husk fired inclined grate furnace & testing of CRRI mini paraboiling unit
260 _aTavanur
_bKelappaji College of Agricultural Engineering and Technology
_c1990
300 _a66
500 _aproject report
520 _aproject report
650 _aproject report
_92985
942 _cPR